Statistics for Guess the Person Using FIRST NAMES of Famous Black People

Click here to take the quiz!

General Stats

  • This quiz has been taken 198 times
  • The average score is 8 of 14

Answer Stats

Answer% Correct
Barack
97%
Oprah
81%
Ice Cube
76%
Aretha
74%
Harriet
67%
Malcolm
64%
Louis
60%
Charles
54%
Neil
46%
Rick
40%
Aaliyah
35%
Lupita
30%
Alice
20%
Normani
16%

Score Distribution

Percentile by Number Answered

Percent of People with Each Score

Your Score History

You have not taken this quiz